Paroisses d’Andorre - Mort subite - Statistiques

Statistiques générales
  • Ce quiz a été pris 309 fois
  • Le résultat moyen est 3 sur 7
Answers on the Grid
Answers color-coded by a green-red scale on the quiz's grid according to % correct below.
Canillo
El Pas de la Casa
Encamp
La Fatarella
Incles
Urgell
Espot
La Massana
Santa Coloma
L’Hospitalet
Andorre-la-Vieille
Sant Julia de Lòria
Ordino
El Tarter
Enveitg
Arinsal
Escaldes-Engordany
Puigcerdà
 
Statistiques - réponses
Réponse % Correct
Andorre-la-Vieille
79%
Sant Julia de Lòria
42%
Encamp
35%
Canillo
34%
Escaldes-Engordany
30%
La Massana
28%
Ordino
28%
Aucun quiz correspondant
Distribution des résultats
% des personnes avec chaque résultat
Percentile par nombre de réponses
Votre historique - résultats
Vous n’avez pas pris ce quiz